000 00703nam a22002297a 4500
999 _c8470
_d8470
003 AR-CdUCM
008 190325b ||||| |||| 00| 0 spa d
020 _a9972-824-03-9
040 _aMUNICIPALIDAD PROVINCIAL DEL CUSCO
_cBIBLIOTECA MUNICIPAL DEL CUSCO
082 _a348.54 /
_bC81
110 _aCONAM - Consejo Nacional del Ambiente
_923758
245 _aInforme Nacional sobre diversidad Biologica /
260 _aLima :
_bDiversidad Biologica,
_c2001.
300 _a150 paginas ;
_bMapas, cuadros, ilustraciones,
_c28 cm.
500 _aBiologia
650 _aPerĂº
_935
650 _aBilogoa
_923759
650 _aGuia
_93996
650 _aSiglo XX
_98
942 _2ddc
_cLIBROS
945 _apjha